000 00759nam a2200229Ia 4500
999 _c34889
_d34889
001 711
003 GE_BSU
005 20200127144314.0
008 181216s2007||||ge |||||||||||||| ||geo||
020 _a9992801900
040 _cGE_BSU
041 _ageo
080 _a330(075.8) ლ-40
100 _aლეიაშვილი, პაატა
_9796
245 _aეკონომიკსი /
_cრედ. ე. მექვაბიშვილი .
264 _aთბილისი,
_c2007.
300 _a520 გვ.;
_b27 სმ.
653 _aეკონომიკა
653 _aსახელმძღვანელო
700 _aლეიაშვილი, პაატა
_eშემდგენელი
_9796
942 _cBK
_2udc